| 000 | 00983cam a22003137a 4500 | ||
|---|---|---|---|
| 999 |
_c173298 _d173298 |
||
| 001 | 15465476 | ||
| 003 | Nust | ||
| 005 | 20180723065201.0 | ||
| 008 | 080719s2008 ii 000 1 eng | ||
| 010 | _a 2008325768 | ||
| 020 |
_a9788172237486 _cRs. 514 |
||
| 025 | _aI-E-2008-325768; 26 | ||
| 035 | _a(IN-NdUBS)UBS08001947 | ||
| 037 |
_bLibrary of Congress -- New Delhi Overseas Office _cRs295.00 |
||
| 038 | _aArshad | ||
| 040 |
_aDLC _cDLC |
||
| 042 | _alcode | ||
| 050 | 0 | 0 |
_aMLCS 2008/00051 (P) _aPR9499.4.C465 |
| 082 |
_a823 _bCHA |
||
| 100 | 1 |
_aChauhan, Anuja. _911940 |
|
| 245 | 1 | 4 |
_aThe zoya factor / _cAnuja Chauhan. |
| 260 |
_aNew Delhi : _bHarper Collins Publishers India, a joint venture with India Today Group, _c2008. |
||
| 300 |
_a509 p. ; _c21 cm. |
||
| 500 | _aNovel. | ||
| 500 | _aSubtitle on cover: all's fair in love--and cricket. | ||
| 906 |
_a7 _bibc _corigode _d4 _encip _f20 _gy-gencatlg |
||
| 942 |
_2ddc _cBK |
||